UBT Library

THE GREAT JOURNEY (Record no. 58749)

000 -LEADER
fixed length control field 00307nam a22001457a 4500
008 - FIXED-LENGTH DATA ELEMENTS--GENERAL INFORMATION
fixed length control field 221104b ||||| |||| 00| 0 eng d
020 ## - INTERNATIONAL STANDARD BOOK NUMBER
International Standard Book Number 0500050457
041 ## - LANGUAGE CODE
Language code of text/sound track or separate title eng
080 ## - UNIVERSAL DECIMAL CLASSIFICATION NUMBER
Universal Decimal Classification number 51
082 ## - DEWEY DECIMAL CLASSIFICATION NUMBER
Classification number 51
100 ## - Rafti
Rafti 51
101 ## - Shkurtesa
Shkurtesa TE NDRYSHME
245 ## - TITLE STATEMENT
Title THE GREAT JOURNEY
Statement of responsibility, etc FAGAN B
942 ## - ADDED ENTRY ELEMENTS (KOHA)
Source of classification or shelving scheme
Item type Books
Holdings
Withdrawn status Lost status Source of classification or shelving scheme Damaged status Not for loan Collection code Permanent location Current location Date acquired Total Checkouts Full call number Barcode Date last seen Price effective from Koha item type
          Koleksioni i përgjithshem UBT - Lipjan UBT - Lipjan 11/04/2022   51 FAG 002-800028700260450 11/04/2022 11/04/2022 Books
UBT Library © 2015-2024. All rights reserved University Education for Business and Technology